000 00594nam a22001937a 4500
005 20251108170521.0
008 250721s1999 xx 000 0 ara d
082 1 4 _a371.912/لقا
100 1 _aاللقاني، أحمد حسين
245 1 0 _aمناهج الصم :
_bالتخطيط و البناء و التنفيذ /
264 1 _aالقاهرة :
_bعالم الكتب للنشر،
_c1999.
300 _a276ص.
650 1 7 _aالصم
650 1 7 _aالتعليم الخاص
650 1 7 _aالمعوقون
700 1 _aالقرشي، أمير
942 _2ddc
_cBK
999 _c42410
_d42410